Behaviour management with young children : crucial first steps with children 3-7 years
Saved in:
| Hovedforfatter: | |
|---|---|
| Format: | Bog |
| Sprog: | engelsk |
| Udgivet: |
Sage
2014
|
| Tags: |
Tilføj Tag
Ingen Tags, Vær først til at tagge denne postø!
|
MARC
| LEADER | 00000nam a22000007a 4500 | ||
|---|---|---|---|
| 008 | 211123b ||||| |||| 00| 0 eng d | ||
| 020 | |a 978144628285 | ||
| 100 | |a ROGERS, Bill | ||
| 245 | |a Behaviour management with young children |b : crucial first steps with children 3-7 years |c Bill Rogers |g xv,217p.:ill. | ||
| 250 | |b 2nd ed. | ||
| 260 | |b Sage |c 2014 |h Thousand Oaks |i 692233 |l LB3013.R63 |m Early childhood education |m Behavior modification |m Classroom management | ||
| 500 | |a It includes bibliography, index and important websites | ||
| 942 | |a lcc |c BK |e Kuteyi M. A. |f 23/11/2021 | ||
| 952 | |0 0 |1 0 |2 lcc |4 0 |6 LB3013 R63 |7 0 |9 3909 |a HOL |b HOL |c LP |d 2021-11-23 |l 0 |o LB3013.R63 |p 2021-67634 |r 2021-11-23 00:00:00 |w 2021-11-23 |y BK | ||
| 999 | |c 1952 |d 1952 | ||